Statistics for Countries That Were Involved In Seven Years’ War

Click here to take the quiz!

General Stats

  • This quiz has been taken 56 times
  • The average score is 7 of 9

Answer Stats

Countries% Correct
Great Britain
98%
France
94%
Spain
92%
Russia
86%
Austria
80%
Sweden
73%
Prussia
67%
Hanover
35%
Saxony
33%

Score Distribution

Percentile by Number Answered

Percent of People with Each Score

Your Score History

You have not taken this quiz